| 000 | 00811nam a2200241 a 4500 | ||
|---|---|---|---|
| 001 | 70193 | ||
| 003 | BD-RjUL | ||
| 005 | 20211209081955.0 | ||
| 008 | 170416s1954 enk b 000 0 eng d | ||
| 035 | _a(BD-RjUL)70406 | ||
| 040 |
_aWVU _cWVU _beng _dBD-RjUL |
||
| 041 | 1 |
_aeng _hfre |
|
| 082 |
_223 _a394 _bMAG 1954 |
||
| 100 | 1 |
_aMauss, Marcel, _d1872-1950. _9207877 |
|
| 245 | 1 | 4 |
_aThe gift : _bforms and functions of exchange in archaic societies / _cby Marcel Mauss. |
| 260 |
_aLondon : _bCohen & West, _c1954. |
||
| 300 |
_axiv, 130 p. ; _c23 cm. |
||
| 500 | _aTranslation of Essai sur le don [1925] as published in Sociologie et anthropologie (Paris : P.U.F., 1950). | ||
| 500 | _aIncludes bibliographical references | ||
| 650 | 0 |
_aGifts _9134269 |
|
| 650 | 0 |
_aSocial structure _9143317 |
|
| 942 |
_2ddc _cBK |
||
| 999 |
_c70193 _d70193 |
||